[Event "Canadian zt (Women)"]
[Site "Toronto"]
[Date "2024.04.01"]
[Round "8"]
[White "Xiao, Stephanie"]
[Black "Chichkina, Olya"]
[Result "0-1"]
[WhiteElo "1531"]
[BlackElo "1729"]
[PlyCount "122"]
[EventDate "2024.03.28"]
[EventType "team-swiss"]
[EventRounds "9"]
[EventCountry "CAN"]
[SourceTitle "CBM 219 Extra"]
[Source "ChessBase"]
[SourceDate "2024.05.31"]
[SourceVersion "1"]
[SourceVersionDate "2024.05.31"]
[SourceQuality "1"]

1. e4 e5 2. Nf3 Nf6 3. Nc3 Bb4 4. d3 d5 5. exd5 Nxd5 6. Bd2 Nxc3 7. bxc3 Bd6 8. Be2 0-0 9. 0-0 b6 10. c4 Bb7 11. Bc3 Nd7 12. Qd2 c5 13. Bb2 Qc7 14. Qe3 Rae8 15. Ng5 f5 16. Qh3 h6 17. Bh5 hxg5 18. Bxe8 Rxe8 19. Qxf5 Be7 20. Qe6+ Kh7 21. Rfe1 Qc6 22. Qh3+ Kg8 23. Bxe5 Nxe5 24. Rxe5 Bf6 25. Rxe8+ Qxe8 26. Rd1 Bc6 27. Qe3 Ba4 28. Qxe8+ Bxe8 29. Re1 Kf7 30. Re2 Bd7 31. h3 Be6 32. g4 a6 33. Kg2 b5 34. cxb5 axb5 35. c4 bxc4 36. dxc4 Bxc4 37. Rc2 Bd5+ 38. f3 c4 39. a4 c3 40. a5 Bc4 41. Kg3 Be5+ 42. Kf2 Ke6 43. Ke3 Kd5 44. Kf2 Kd4 45. Kg2 Kd3 46. Rc1 c2 47. Rxc2 Kxc2 48. Kf2 Bf4 49. Kg2 Kb3 50. Kf2 Kb4 51. Kg2 Kxa5 52. Kf2 Kb4 53. Kg2 Kc3 54. h4 gxh4 55. Kh3 g5 56. Kg2 Kd2 57. Kh1 h3 58. Kg1 h2+ 59. Kh1 Bd5 60. Kg2 Ke3 61. Kh1 Bxf3# 0-1

[Event "Canadian zt (Women)"]
[Site "Toronto"]
[Date "2024.03.30"]
[Round "4"]
[White "Chichkina, Olya"]
[Black "Yang, Lucy"]
[Result "1-0"]
[WhiteElo "1729"]
[BlackElo "1590"]
[PlyCount "63"]
[EventDate "2024.03.28"]
[EventType "team-swiss"]
[EventRounds "9"]
[EventCountry "CAN"]
[SourceTitle "CBM 219 Extra"]
[Source "ChessBase"]
[SourceDate "2024.05.31"]
[SourceVersion "1"]
[SourceVersionDate "2024.05.31"]
[SourceQuality "1"]

1. c4 Nf6 2. Nc3 e6 3. Nf3 b6 4. g3 Bb7 5. Bg2 Be7 6. 0-0 0-0 7. d4 d5 8. cxd5 exd5 9. a3 Nbd7 10. b4 Re8 11. Bb2 Nf8 12. Rc1 Ne6 13. e3 Rc8 14. b5 a6 15. a4 axb5 16. axb5 Bd6 17. Qb3 Nf8 18. Ra1 c6 19. bxc6 Bxc6 20. Nb5 Bxb5 21. Qxb5 Ng6 22. Ra6 Bc7 23. Rc1 Qd7 24. Qxd7 Nxd7 25. Ra7 Nc5 26. dxc5 Bb8 27. Rd7 bxc5 28. Rxd5 Ba7 29. Nd2 Ne7 30. Rd7 Bb6 31. Nc4 Bc7 32. Bb7 1-0

[Event "Canadian zt (Women)"]
[Site "Toronto"]
[Date "2024.03.29"]
[Round "3"]
[White "Jiang, Kate Yuhua"]
[Black "Chichkina, Olya"]
[Result "1-0"]
[WhiteElo "1882"]
[BlackElo "1729"]
[PlyCount "45"]
[EventDate "2024.03.28"]
[EventType "team-swiss"]
[EventRounds "9"]
[EventCountry "CAN"]
[SourceTitle "CBM 219 Extra"]
[Source "ChessBase"]
[SourceDate "2024.05.31"]
[SourceVersion "1"]
[SourceVersionDate "2024.05.31"]
[SourceQuality "1"]

1. e4 e5 2. Nf3 Nf6 3. Nc3 Bb4 4. d3 d5 5. Bd2 d4 6. Ne2 Bd6 7. g3 c5 8. Bg2 h6 9. Bc1 Be6 10. Nd2 Nfd7 11. Nc4 Bc7 12. f4 f6 13. 0-0 g5 14. fxe5 fxe5 15. Nxd4 Bf7 16. Nf5 Nf6 17. Qf3 Bh5 18. Ng7+ Kf7 19. Nxh5 Kg6 20. Nxf6 Rf8 21. Qh5+ Kg7 22. Bxg5 hxg5 23. Qh7# 1-0